| Tag |
First Indicator |
Second Indicator |
Subfields |
| LEADER |
00000cai a2200000 i 4500 |
| 001 |
in00004020587 |
| 006 |
m o d f |
| 007 |
cr m|||||||||| |
| 008 |
181128c20189999dcu x w o b f0 2eng c |
| 005 |
20241004205143.5 |
| 010 |
|
|
|a 2018231999
|
| 035 |
|
|
|a (OCoLC)on1076491206
|
| 040 |
|
|
|a GPO
|b eng
|e rda
|e pn
|c GPO
|d MERUC
|d OCLCF
|d GPO
|d MvI
|
| 042 |
|
|
|a pcc
|
| 043 |
|
|
|a n-us---
|
| 049 |
|
|
|a WWW
|
| 074 |
|
|
|a 0807-A-07 (online)
|
| 086 |
0 |
|
|a LC 14.23:R 44981/
|
| 100 |
1 |
|
|a Villarreal, M. Angeles,
|0 https://id.loc.gov/authorities/names/no2018151971
|e author.
|
| 245 |
1 |
4 |
|a The United States-Mexico-Canada Agreement (USMCA) /
|c M. Angeles Villarreal.
|
| 247 |
1 |
0 |
|a NAFTA and the United States-Mexico-Canada agreement (USMCA)
|f 2020
|
| 247 |
1 |
0 |
|a NAFTA renegotiation and the proposed United States-Mexico-Canada agreement (USMCA)
|f 2019
|
| 247 |
1 |
0 |
|a NAFTA and the United States-Mexico-Canada agreement
|f 2018
|
| 247 |
1 |
0 |
|a North American Free Trade Agreement and the United States-Mexico-Canada agreement (USMCA)
|
| 250 |
|
|
|a [Library of Congress public edition].
|
| 264 |
|
1 |
|a [Washington, D.C.] :
|b Congressional Research Service,
|c 2018-
|
| 300 |
|
|
|a 1 online resource.
|
| 310 |
|
|
|a Updated irregularly
|
| 336 |
|
|
|a text
|b txt
|2 rdacontent
|
| 337 |
|
|
|a computer
|b c
|2 rdamedia
|
| 338 |
|
|
|a online resource
|b cr
|2 rdacarrier
|
| 490 |
1 |
|
|a Report / Congressional Research Service ;
|v R44981
|
| 500 |
|
|
|a Report includes illustrations.
|
| 500 |
|
|
|a The CRS report home page provides access to all versions published since 2018 in accordance with P.L. 115-141.
|
| 500 |
|
|
|a Report includes bibliographical references.
|
| 500 |
|
|
|a GPO Cataloging Record Distribution Program (CRDP).
|
| 588 |
|
|
|a Description based on contents viewed on June 7, 2024; title from CRS report home page.
|
| 630 |
0 |
0 |
|a North American Free Trade Agreement
|d (1992 December 17)
|0 https://id.loc.gov/authorities/names/n92099941
|
| 650 |
|
0 |
|a Free trade
|z North America.
|
| 650 |
|
0 |
|a Foreign trade regulation.
|0 https://id.loc.gov/authorities/subjects/sh85050531
|
| 651 |
|
0 |
|a United States
|x Foreign economic relations
|z North America.
|
| 710 |
2 |
|
|a Library of Congress.
|b Congressional Research Service,
|0 https://id.loc.gov/authorities/names/n79061321
|e issuing body.
|
| 773 |
0 |
8 |
|i Contained in (work):
|t CRS reports (Library of Congress. Congressional Research Service)
|w (DLC) 2018231131
|w (OCoLC)1052784408
|
| 830 |
|
0 |
|a CRS report ;
|0 https://id.loc.gov/authorities/names/no2018108464
|v R44981.
|
| 856 |
4 |
0 |
|u https://purl.fdlp.gov/GPO/gpo112158
|t 0
|
| 999 |
f |
f |
|s 22b183d0-f502-3063-90e4-32993bffd9f8
|i 61a0dd28-a0b1-346a-962a-c5f05d0900c4
|t 0
|
| 952 |
f |
f |
|a Texas A&M University
|b College Station
|c Electronic Resources
|d Available Online
|t 0
|e LC 14.23:R 44981/
|h Superintendent of Documents classification
|
| 998 |
f |
f |
|a LC 14.23:R 44981/
|t 0
|l Available Online
|